000 01160nam0a2200289 4500
001 RU\NLR\BIBL_A\012406049
005 20250624025310.0
035 _a(NLR Aleph) 012406049
090 _a13302122
_c13302122
100 _a20201117d1971 |||y0rusy50 ca
101 0 _aaze
102 _aAZ
105 _aj z 000 y
181 0 _ai
_baxxe
182 0 _an
200 1 _aКәнд тәсәррүфаты мүәссисәләриндә тәфтиш вә нәзарәт
_fМәһjәддин Һәмидов, игтисад елм. нам.
203 _aТекст
_bвизуальный
_cнепосредственный
210 _aБакы
_cАзәрнәшр
_d1971
215 _a151,[1] c.
_d20
320 _aБиблиогр. в подстроч. примеч.
541 1 _6z01790
_aРевизия и контроль в сельскохозяйственных предприятиях
_zrus
700 1 _aҺәмидов
_bМ. Ш.
_gМәһjәддин Шамил оғлу
_4070
790 1 _6z01541
_aГамидов
_bМ. Ш.
_gМахяддин Шамиль оглы
_4070
852 _aNLR
_bОНЛ
_jАзерб./2-15571
942 _cBOOK
980 _aNB